| 000 -LEADER |
| fixed length control field |
00864nam a2200229 a 4500 |
| 001 - CONTROL NUMBER |
| control field |
:::00001194$&:&@@ |
| 003 - CONTROL NUMBER IDENTIFIER |
| control field |
OkBaRHE |
| 005 - DATE AND TIME OF LATEST TRANSACTION |
| control field |
20000607103242.0 |
| 008 - FIXED-LENGTH DATA ELEMENTS--GENERAL INFORMATION |
| fixed length control field |
s1986 j 000 0 eng u |
| 020 ## - INTERNATIONAL STANDARD BOOK NUMBER |
| International Standard Book Number |
0802406513 |
| 040 ## - CATALOGING SOURCE |
| Transcribing agency |
|
| 100 1# - MAIN ENTRY--PERSONAL NAME |
| Personal name |
Thompson, Jean Bernard, 1933- |
| 245 10 - TITLE STATEMENT |
| Title |
Bible stories in rhyme. |
| Statement of responsibility, etc |
Illustrated by Paul Turnbaugh. |
| 260 ## - PUBLICATION, DISTRIBUTION, ETC. (IMPRINT) |
| Place of publication, distribution, etc |
Chicago, IL., : |
| Name of publisher, distributor, etc |
Moody Press |
| Date of publication, distribution, etc |
c1986 |
| 300 ## - PHYSICAL DESCRIPTION |
| Extent |
[119] p. : col. illus. ; |
| Dimensions |
29 cm. |
| 520 ## - SUMMARY, ETC. |
| Summary, etc |
A retelling in rhyme of sixteen familiar Bible stories, from the Creation to the death and resurrection of Christ. |
| 650 ## - SUBJECT ADDED ENTRY--TOPICAL TERM |
| Topical term or geographic name as entry element |
Bible Stories |
| 650 ## - SUBJECT ADDED ENTRY--TOPICAL TERM |
| Topical term or geographic name as entry element |
Bible Stories |
| General subdivision |
English |
| 700 ## - ADDED ENTRY--PERSONAL NAME |
| Personal name |
Turnbaugh, Paul, Ill. |
| 942 ## - ADDED ENTRY ELEMENTS (KOHA) |
| Source of classification or shelving scheme |
|
| Koha item type |
Books |